000 00744nam a2200205 4500
001 122533
003 ES-MaACL
005 20230906192008.0
007 t|
008 070214s1986 sp r ||||1| spa d
100 1 _aPritchard, Peter.
_994000
245 1 0 _aManual de atención primaria de salud /
_cPeter Pritchard ; prólogo de Pablo Recio Arias ; edición supervisada y coordinada por Antonio Durán Moreno ; traducción, Antonio Durán Moreno y Mary Ann Gordon Gray.
250 _a1ª ed.
260 _aMadrid :
_bDíaz de Santos,
_c1986.
300 _a238 p. ;
_c22 cm.
700 1 _aRecio Arias, Pablo.
_995766
700 1 _aDurán Moreno, Antonio.
_946229
700 1 _aGordon Gray, Mary Ann.
_959168
852 _aES-MaACL
_jL-10512
999 _c122533
_d122533